| 000 | 00386nam a22001457a 4500 | ||
|---|---|---|---|
| 999 |
_c15681 _d15681 |
||
| 003 | OSt | ||
| 008 | 190527b ||||| |||| 00| 0 eng d | ||
| 020 | _a9781118531648 | ||
| 082 |
_a005.133 _bDUC/JA |
||
| 100 |
_aDuckett, Jon. _94172 |
||
| 245 | _aJavaScript & JQuery : Interactive front-end web development | ||
| 260 |
_bJohn Willey& Sons, inc. _c2014 |
||
| 300 | _a622 p. | ||
| 942 | _cBK | ||